Quizzes
Events
Quiz Creation
Community
Videos
Private Events
Remove Ads
Sign In
Join for FREE
Feedback
Dark Mode
Quiz Categories
Sports
Geography
Music
Movies
Television
Just For Fun
Miscellaneous
History
Literature
Language
Science
Gaming
Entertainment
Religion
Holiday
For Kids
Quiz Lab
Recent
Popular Today
Quiz Kudos Today
Editor Picks
Curator Picks
Quizzes by...
Day
Popularity
Type
Ratings
Length
Year
Community
Subscriptions
Recent Discussions
Orange Saloon
Badges
Playlists
Quests
Create
Leaderboards
Showdown
Live 5
Trivia Bingo
Activity
Puzzle Library
Sporcle Events
Private Events
Virtual Trivia
Globe League
Become a Host
Pub Owners
SporcleCon
Opinionation
Our Games
Videos
Blog
Mobile Apps
Partnerships
Remove Ads and Go Orange
Feedback
Gaming
Video Games
Board Games
Card Games
Pokémon
Mario
Nintendo
Minecraft
Console
Toys
Legend of Zelda
Gaming
Video Games
Board Games
Card Games
Pokémon
Mario
Nintendo
Minecraft
Console
Toys
Legend of Zelda
Random Quiz
Search Sporcle
×
Quiz Lab
Quiz Lab
Gaming
Pokémon
Type in answers that appear in a list
Type in answers that appear in a list
Classic
Best Score? Go Orange.
Ice-Type Pokemon Stats
Can you name all the Ice-Type Pokemon?
By
LazyLarvitar
10m
33 Questions
212 Plays
212 Plays
212 Plays
Comments
Comments
Give Quiz Kudos
Give Quiz Kudos
-
- Ratings
hide this ad
More Info
Replay
Link that replays current quiz
Next Quiz
Link to next quiz in quiz playlist
You Got
0%
They Got
Avg Score
85%
Avg Friend Score
Upgrade to see
Score Distribution
Jump to the score distribution portion of the page
Score
0/33
Timer
10:00
0
Plays Today
Pokedex No.
Pokemon
% Correct
#124
Jynx
95.3%
#144
Articuno
94.3%
#215
Sneasel
92.9%
#087
Dewgong
92.5%
#131
Lapras
92.5%
#461
Weavile
92%
#460
Abomasnow
91.5%
#616
Kyurem
90.6%
#220
Swinub
89.2%
#362
Glalie
88.7%
#473
Mamoswine
88.7%
#361
Snorunt
88.2%
#459
Snover
88.2%
#091
Cloyster
87.7%
#478
Froslass
87.7%
#221
Piloswine
86.3%
#363
Spheal
85.4%
Pokedex No.
Pokemon
% Correct
#238
Smoochum
84.4%
#365
Walrein
84.4%
#584
Vanilluxe
84.4%
#364
Sealeo
83.5%
#582
Vanillite
83.5%
#614
Beartic
83.5%
#583
Vanillish
81.6%
#613
Cubchoo
81.1%
#699
Aurorus
81.1%
#615
Cryogonal
80.2%
#471
Glaceon
79.2%
#713
Avalugg
79.2%
#378
Regice
78.8%
#712
Bergmite
78.8%
#225
Delibird
77.8%
#698
Amaura
77.8%
Quiz Playlist
Details
Report
Send in Message
Add To Playlist
More Info:
Can you name all of the Ice-type Pokemon in the Pokemon universe from Generation I to VI? - No Mega Evolutions included
Classic:
Type in answers that appear in a list
Quiz Source
Last Updated: Feb 16, 2017
Quiz Scoreboard
CHALLENGE
Sign Up to Join the Scoreboard
Show All
Scores
Hide
Comments
May contain spoilers
Recently Published
Presidents Visiting Landmarks
by Hejman
History
7m
An Introduction to Baseball
by treessimontrees
Sports
5m
Movies - When Are They Set?
by FPL_Elf
Movies
5m
More to Explore
Quiz From the Vault
Featured Blog Post
Where Did the Easter Bunny Come From?
hide this ad
You Might Also Like...
Tags
Pokémon Quiz
Ice Pokémon
Today's Top Quizzes in Gaming
Browse Gaming
hide this ad
Today's Top Quizzes in Pokémon
Browse Pokémon
Top Contributed Quizzes in Gaming
1
5-to-1: Consoles
2
7-to-1: Board Game Piece Blitz
3
5-to-1: Legend of Zelda
4
Destiny 2 exotic weapons by perk icons
5
Ultimate Genshin Impact Logic Puzzle (up to 4.3)
6
Franchise by Action Figure
7
Overwatch Logic Puzzle
8
Who's on the WWE 2K24 Cover?
9
Genshin Impact Logic Puzzle Quiz
10
Windmill: Pokémon
Explore More
Trending Topics
Kpop
Crossword
Marvel
Anime
NBA
Disney
Harry Potter
Soccer
Country
The Office
Pokémon
WWE
Puzzle
Song
NFL
hide this ad
More By:
LazyLarvitar
Quiz
Plays
Rating
Category
Featured
Created
Dragon-Type Pokemon
7,849
3.86
Gaming
Jan 25, 2016
Fire-Type Pokémon
388
4.33
Gaming
Nov 8, 2015
Grass-Type Pokémon
345
5.00
Gaming
Nov 7, 2015
Water-Type Pokemon
256
5.00
Gaming
Jan 24, 2016
Electric-Type Pokemon
256
5.00
Gaming
Nov 14, 2015
Go to Creator's Profile
Score Distribution
Quiz Creator Spotlight
LazyLarvitar
Follow
Send a Message
Quizzes Created
-
Created Quiz Play Count
-
More By This Creator
Popular Quizzes Today
1
Find the US States - No Outlines Minefield
2
Find the Countries of Europe - No Outlines Minefield
3
The Countries of the World
4
Find the US States
5
Popular People in 1961
6
US States
7
Risky Map Clicking: Biggest States A-Z
8
1-10 Letter E Words III
More Gaming Quizzes
Final Fantasy X Magic and Abilities
Quiz Lab
Trending Quizzes
Risky Map Clicking: Least Populous States A-Z
1-10 Letter G Words
1-10 Letter F Words
One Thing in Common: United Kingdom
Risky Map Clicking: Next State Alphabetically
Recently Updated
Leaping Animals
pecheneg
Reality TV Shows (A-Z)
bhenderson79
Rickey Henderson's Hall of Fame Teammates
pecheneg
Champions League XIs: Arsenal
pecheneg
Quick Pick: Celebrities in WWE's Hall of Fame
aduchscher
A-Z Keypad Blitz II
pecheneg
Multiple Oscar Actors
pecheneg
Mystery Phrase Blitz: Oscar 'Best Actors'
pecheneg
F. Scott Fitzgerald Novels
LTH
Pick 3 Villains
ddd62291
Trending Topics
Anime
Marvel
NBA
Kpop
Disney
Harry Potter
Crossword
Soccer
The Office
NFL
Song
WWE
Country
Puzzle
Pokémon
Your Account Isn't Verified!
In order to create a playlist on Sporcle, you need to verify the email address you used during registration. Go to your
Sporcle Settings
to finish the process.
Report this User
Report this user for behavior that violates our
Community Guidelines
.
Details:
Send Report
Go to the Sporcle.com Mobile Site →
Comments